00772 2200229 4500001002100000005001700021008004100038035002400079082001500103090001900118245010400137260008900241300003000330500002700360500001200387650004400399700005100443850001300494980001300507985000600520999001600526YOGYA-0209000001875820090227022914.0 ind  0010-020900000018758 a392.099223 a392.09923bupa aUPACARA tradisional yang berkaitan dengan peristiwa alam dan kepercayaan daerah Nusa Tenggara Barat aJakartabProyek Inventarisasi dan Dokumentasi Kebudayaan Daerah departemen P&Kc1985 aviii,174 hlmbilusc23 cm aBibliografi : hlm. 174 aIindeks aNusa Tenggara Barat-upacara tradisional aWACANA, Lalu. YUNUS, H. Ahmad. HAFID, M. Yunus aYOPDYOGB a16-02-06 a1 aA0000000483